|
|
|
|
| LEADER |
00000cam a2200000 a 4500 |
| 001 |
vtls011789278 |
| 003 |
SK-MaSNL |
| 005 |
20260301050054.0 |
| 008 |
200205s1947 xr 000 0 cze |
| 035 |
|
|
|a urn:nbn:sk:snk-am00d6p3
|
| 035 |
|
|
|a urn:nbn:sk:snk-am3hrhw
|
| 035 |
|
|
|a 3331CBC6-01DE-4CA8-A203-8A003450BF9F
|
| 040 |
|
|
|a SNK
|b slo
|c SNK
|e AACR2
|
| 041 |
0 |
|
|a cze
|
| 044 |
|
|
|a xr
|c CZ
|
| 080 |
|
|
|a 93/94(100)
|2 1981
|
| 100 |
1 |
|
|a Sochor, Jaroslav,
|d 1885-1941
|4 aut
|9 179430
|
| 245 |
1 |
0 |
|a Učebnice dějepisu
|b pro nižší třídy středních škol
|n díl II.
|p Život lidstva od pravěku do roku 1300
|c napsal Jaroslav Sochor
|
| 246 |
3 |
0 |
|a Život lidstva od pravěku do roku 1300
|
| 260 |
|
|
|a Praha
|b Česká grafická unie
|c 1947
|e Česká Lípa
|f Bergman
|
| 300 |
|
|
|a 140 s.
|b ilustr.
|c 8°
|
| 500 |
|
|
|a Dotlač 1. vydania z roku 1935
|
| 648 |
|
7 |
|a do 1300
|2 SNKPH
|9 355095
|
| 650 |
0 |
7 |
|a dejepis
|2 SNKPH
|9 4288
|
| 650 |
0 |
7 |
|a svetové dejiny
|2 SNKPH
|9 4037
|
| 655 |
|
7 |
|a učebnice stredných škôl
|2 SNKPH
|9 69323
|
| 958 |
|
|
|a ONDV
|
| 999 |
|
|
|c 600080
|d 602010
|
| 952 |
|
|
|a SNK
|b SNK
|y PREZ
|7 0
|p 17A0909061
|o snkSD 5621/2
|i snkF 1858/73
|8 5
|0 0
|1 0
|4 0
|d 2018-11-07
|f 1
|l 0
|r 2025-11-13 00:00:00
|w 2026-02-23
|